वेदना आणि व्याधींसह चांगलं जीवन : (Record no. 59134)

MARC details
000 -LEADER
fixed length control field 01444nam a22002417a 4500
005 - DATE AND TIME OF LATEST TRANSACTION
control field 20111207162222.0
008 - FIXED-LENGTH DATA ELEMENTS--GENERAL INFORMATION
fixed length control field 111207t xxu||||| |||| 00| 0 mar d
010 ## - LCCN (DPL NO)
LC control number MAR-21731
020 ## - INTERNATIONAL STANDARD BOOK NUMBER
International Standard Book Number 9788184983104
Terms of availability 240.00
035 ## - SYSTEM CONTROL NUMBER
System control number MR-14389
037 ## - SOURCE OF ACQUISITION
Source of stock number/acquisition DBAD/PUB
040 ## - CATALOGING SOURCE
Original cataloging agency DPL
Language of cataloging MR
082 ## - DEWEY DECIMAL CLASSIFICATION NUMBER
Classification number 616.0472019
100 ## - MAIN ENTRY--PERSONAL NAME
Personal name बर्च,विद्यमाला
9 (RLIN) 36528
245 ## - TITLE STATEMENT
Title वेदना आणि व्याधींसह चांगलं जीवन :
Statement of responsibility, etc विद्यमाला बर्च ; सुभाष दांडेकर द्वारा अनुवादित
Remainder of title तुम्हाला दुख:पासून मुक्त करण्याचा सजग मार्ग /
246 ## - VARYING FORM OF TITLE
Title proper/short title Vedna Aani Vyadhisaha Changala Jeevan:Tumala Dukha pasun Mukt karnayacha Sajag Marg
Remainder of title by Vidyamala Burch
260 ## - PUBLICATION, DISTRIBUTION, ETC. (IMPRINT)
Place of publication, distribution, etc पुणे
Name of publisher, distributor, etc मेहता पब्लिशिंग हाऊस
Date of publication, distribution, etc 2011
270 ## - ADDRESS
Address 1941,सदाशिव पेठ,माडीवाले कॉलनी,
City पुणे
Postal code 411030
300 ## - PHYSICAL DESCRIPTION
Extent वीस,220पृ.
Dimensions 22 सेमी(अजिल्द)
700 ## - ADDED ENTRY--PERSONAL NAME
Personal name दांडेकर,सुभाष
9 (RLIN) 36531
942 ## - ADDED ENTRY ELEMENTS (KOHA)
Source of classification or shelving scheme Dewey Decimal Classification
Item type Marathi Books
Classification part 616.0472019
Call number suffix बर्चवि
Holdings
Withdrawn status Lost status Source of classification or shelving scheme Damaged status Not for loan Collection code Home library Current library Date acquired Source of acquisition Cost, normal purchase price Total Checkouts Full call number Barcode Date last seen Copy number Cost, replacement price Koha item type
    Dewey Decimal Classification   Not For Loan Non-fiction D.B.Act.Division D.B.Act.Division 08/12/2011 DBAD/PUB 240.00   616.0472019 बर्चवि MR-14389 08/12/2011 1 240.00 Marathi Books

© Delhi Public Library
Hit Counter
free hit counter